000 00361nam a2200133Ia 4500
005 20260328104328.0
008 260328s9999||||xx |||||||||||||| ||und||
100 _aFernández, Luis
245 0 _aEl Espacio Privado :
_b Cinco Siglos en Veinte Palabras /
_cLuis Fernández
260 _bMinisterio de Cultura
300 _a366 p.
650 _aARTE
942 _cBK
999 _c11604
_d11604